LEADER 01668oam 2200373z- 450 001 9910139858103321 005 20170610082312.0 010 $a1-5090-7105-9 035 $a(CKB)1000000000812181 100 $a20220614c2009uuuu -u- - 101 0 $aeng 200 10$aISECS 2009 $eProceedings of the Second International Symposium on Electronic Commerce and Security : Nanchang, China, 22-24 May 2009 /$feditors, Ming Li [and others] ; co-sponsor by Nanchang Hangkong University .. [et al.] ; technical co-sponsored by IEEE, IEEE Computer Society and IEEE Computer Society Technical Council on E-Commerce 210 $cIEEE 517 $aElectronic Commerce and Security 517 $aElectronic Commerce and Security (ISECS), 2009 Second International Symposium on 531 $aisecs 606 $aElectronic commerce$vCongresses 606 $aElectronic commerce$xSecurity measures$vCongresses 606 $aElectronic commerce$2fast$3(OCoLC)fst00906906 606 $aElectronic commerce$xSecurity measures$2fast$3(OCoLC)fst00906919 608 $aConference papers and proceedings.$2fast 615 0$aElectronic commerce 615 0$aElectronic commerce$xSecurity measures 615 7$aElectronic commerce. 615 7$aElectronic commerce$xSecurity measures. 701 $aLi$b Ming$pNanchang HangKong University.$0346685 712 02$aNanchang hang kong da xue. 712 02$aInstitute of Electrical and Electronics Engineers. 712 02$aIEEE Computer Society. 712 02$aIEEE Computer Society.$bTechnical Council on E-Commerce. 906 $aPROCEEDING 912 $a9910139858103321 996 $aISECS 2009$92875041 997 $aUNINA LEADER 01918oas 2200745 c 450 001 9910143067903321 005 20260218112607.0 011 $a1747-762X 035 $a(OCoLC)57378266 035 $a(CONSER) 2005265028 035 $a(CKB)111082654851016 035 $a(MiAaPQ)39998 035 $a(DE-599)ZDB2156012-2 035 $a(DE-599)2156012-2 035 $a(EXLCZ)99111082654851016 100 $a20050106a20039999 uy a 101 0 $aeng 135 $aur||||||||||| 181 $ctxt$2rdacontent 182 $cc$2rdamedia 183 $acr$2rdacarrier 200 00$aInternational journal of agricultural sustainability 210 $a[Clevedon]$c[Channel View publications]$d2003- 210 2 $a[London, UK]$cEarthscan 210 3 $a[Abingdon, Oxfordshire, UK]$cRoutledge, Taylor & Francis Group 215 $a1 online resource 300 $aRefereed/Peer-reviewed 311 08$a1473-5903 517 1 $aIJAS 606 $aSustainable agriculture$vPeriodicals 606 $aAgriculture durable$vPe?riodiques 606 $aSustainable agriculture$2fast$3(OCoLC)fst01139712 608 $aPeriodicals$2fast 615 0$aSustainable agriculture 615 6$aAgriculture durable 615 7$aSustainable agriculture 801 0$bCLU 801 1$bCUS 801 2$bOCLCQ 801 2$bEEM 801 2$bLGG 801 2$bOCLCQ 801 2$bHEBIS 801 2$bTXA 801 2$bOCLCF 801 2$bUKBOL 801 2$bUWW 801 2$bOCLCQ 801 2$bCUS 801 2$bNLE 801 2$bDLC 801 2$bAU@ 801 2$bUKMGB 801 2$bOCLCQ 801 2$bQGK 801 2$bOCLCQ 801 2$bIOY 801 2$bCUV 801 2$bS2H 801 2$bOCLCL 801 2$bOCLCQ 906 $aJOURNAL 912 $a9910143067903321 996 $aInternational journal of agricultural sustainability$92336292 997 $aUNINA